High performance companies : Suuessful strategies from the world's top achievers

Bibliographic Details
Main Author: Pangarkar, Nitin
Format: Book
Published: San Francisco, CA : John Wiley & Sons , 2012
Subjects:

MARC

LEADER 00000cam a2200000 7i4500
001 0000004136
005 20180404.0
020 0 0 |a 97880470830109 
090 0 0 |a 658.4012   |b NIT 2012 
100 1 0 |a Pangarkar, Nitin 
245 1 0 |a High performance companies :   |b Suuessful strategies from the world's top achievers   |c Nitin Pangarkar 
260 0 0 |a San Francisco, CA :   |b John Wiley & Sons ,   |c 2012 
300 |a xvi. 192 p. :   |b .ill. ;   |c 21 cm. 
500 0 0 |a Includes index biblographical references 
650 0 0 |a Industrial management 
650 0 0 |a Strategic planning 
998 |a JPSM 
999 |a 007997   |b Monograph   |c Open Shelf   |e Default branch